Transfer znalostí

Pojednanie o treansfere znalostí z rôznych uhlov s cieľom vymedziť úlohy, ktoré by mali zohrať univerzity, aby prispeli ku zvýšeniu konkurencieschopnosti európskej ekonomiky. Transfer znalostí zahrňuje široké spektrum činností od prítomnosti v médiách a na verejných akciách, cez participáciu na bila...

Descrizione completa

Salvato in:
Dettagli Bibliografici
Autore principale: Tichá, Ivana
Altri autori: Havlíček, Jaroslav
Natura: Capitolo di libro
Lingua:inglese
Soggetti:
Tags: Aggiungi Tag
Nessun Tag, puoi essere il primo ad aggiungerne!!

MARC

LEADER 00000naa$a2200000$$$4500
001 0069979
005 20231128141431.6
041 0 |a eng 
044 |a CZ 
245 1 0 |a Transfer znalostí  |c Ivana Tichá, Jaroslav Havlíček 
520 |a Pojednanie o treansfere znalostí z rôznych uhlov s cieľom vymedziť úlohy, ktoré by mali zohrať univerzity, aby prispeli ku zvýšeniu konkurencieschopnosti európskej ekonomiky. Transfer znalostí zahrňuje široké spektrum činností od prítomnosti v médiách a na verejných akciách, cez participáciu na bilaterálnych projektoch, komerčnom výskume, až po prizvanie širšej verejnosti k úpravám študijných programov v záujme vyššej kvalifikácie absolventov. Kontext, v ktorom sa transfer znalostí odohráva a môže prispieť k zvýšeniu jeho efektívnosti. Kanály využívané pre prenos znalostí. 
610 2 0 |a vedomosti 
610 2 0 |a kanály 
610 2 0 |a univerzity 
610 2 0 |a Európska únia 
610 2 0 |a konkurencieschopnosť 
100 1 |a Tichá, Ivana 
700 1 |a Havlíček, Jaroslav